Statistics for Top 500 Baby Boy Names in the USA in the 1960's

Click here to take the quiz!

General Stats

  • This quiz has been taken 2,221 times
  • The average score is 231 of 500

Answer Stats

Hint Answer % Correct
83Jon
99%
3John
99%
493Al
97%
4James
94%
7William
94%
390Rob
94%
1Michael
93%
109Micheal
93%
18Paul
92%
2David
91%
5Robert
91%
33George
90%
139Dan
90%
6Mark
90%
343Pete
90%
110Marc
90%
148Don
90%
392Kris
89%
102Jack
89%
60Chris
89%
9Thomas
89%
8Richard
89%
166Andre
88%
89Jose
88%
141Harry
88%
117Tom
88%
487Andres
88%
271Matt
88%
19Daniel
87%
407Ed
87%
276Ben
87%
36Matthew
86%
11Steven
86%
27Stephen
86%
363Mathew
86%
384Stephan
86%
17Charles
86%
25Donald
85%
95Henry
85%
53Steve
85%
43Frank
85%
263Sam
84%
29Edward
84%
218Alex
83%
131Bill
83%
20Christopher
83%
64Joe
83%
135Fred
83%
12Joseph
82%
208Ron
82%
62Bryan
81%
28Eric
81%
90Tim
81%
16Brian
81%
189Alexander
81%
440Erick
81%
432Bryon
81%
183Erik
81%
395Luke
80%
42Peter
80%
38Andrew
80%
14Kevin
80%
130Benjamin
80%
57Carl
79%
397Phil
79%
154Karl
79%
436Oliver
79%
85Samuel
79%
22Anthony
78%
196Bob
78%
24Ronald
78%
236Charlie
78%
108Jim
78%
346Jacob
77%
84Philip
77%
129Rick
77%
137Adam
77%
249Leo
77%
220Ken
77%
226Allan
77%
97Allen
77%
56Alan
77%
68Phillip
77%
100Greg
76%
107Louis
76%
173Luis
76%
223Lewis
76%
498Louie
76%
195Gregg
76%
194Leon
75%
13Timothy
75%
176Nathan
75%
318Pat
74%
494Jonathon
74%
49Mike
74%
428Zachary
74%
77Jonathan
74%
87Jason
73%
434Tommie
73%
143Nicholas
73%
151Brad
73%
224Ryan
73%
115Tommy
73%
32Patrick
72%
71Martin
72%
101Albert
72%
235Jimmie
71%
120Leonard
71%
285Garry
71%
275Nick
71%
269Fredrick
71%
23Gregory
71%
76Jimmy
71%
111Frederick
71%
26Gary
71%
147Ray
70%
330Shaun
70%
78Sean
70%
127Aaron
70%
35Larry
70%
21Kenneth
70%
365Jeremy
70%
415Vince
70%
457Gerry
70%
73Billy
70%
41Jerry
70%
75Shawn
70%
10Jeffrey
69%
93Arthur
69%
158Francis
69%
336Joshua
69%
46Jeffery
68%
58Danny
68%
185Marcus
68%
216Andy
68%
51Tony
68%
349Ian
68%
54Jeff
68%
260Geoffrey
68%
98Victor
68%
254Johnnie
67%
234Christian
67%
301Justin
67%
69Johnny
67%
424Ty
67%
72Bradley
67%
152Theodore
66%
45Raymond
66%
82Walter
66%
364Isaac
66%
70Vincent
66%
169Kyle
65%
81Bobby
65%
175Dave
65%
239Oscar
65%
66Lawrence
64%
386Laurence
64%
292Jaime
64%
237Jamie
64%
99Harold
64%
112Eddie
63%
39Dennis
61%
469Denis
61%
15Scott
61%
473Abraham
61%
340Scot
61%
446Tyler
61%
161Derek
60%
233Nathaniel
60%
153Derrick
60%
438Robby
60%
383Brandon
60%
380Jeffry
60%
297Robbie
60%
163Alfred
60%
191Rickey
58%
309Ivan
58%
52Ricky
58%
466Freddy
58%
257Freddie
58%
441Rickie
58%
345Evan
58%
356Julian
57%
348Max
57%
34Keith
57%
61Gerald
56%
80Barry
56%
461Owen
56%
393Jerald
56%
37Terry
56%
215Joey
55%
203Ted
55%
201Neil
55%
250Neal
55%
88Dean
54%
278Terence
54%
231Terrence
54%
256Terrance
54%
63Wayne
54%
486Ronny
54%
104Ronnie
54%
389Colin
53%
113Lee
53%
114Stanley
53%
144Carlos
53%
86Jay
53%
30Douglas
52%
47Bruce
52%
459Bert
52%
221Doug
52%
298Grant
51%
219Timmy
50%
414Rodger
50%
50Roger
50%
202Darrin
49%
149Calvin
49%
197Darin
49%
222Kelvin
49%
417Cameron
49%
227Jesus
49%
103Darren
49%
401Daren
49%
164Warren
48%
214Kenny
48%
190Stuart
48%
142Jesse
48%
299Hugh
48%
357Stewart
48%
106Joel
48%
262Jessie
48%
134Juan
47%
238Corey
47%
91Roy
47%
323Cory
47%
409Rod
47%
313Gabriel
46%
338Teddy
46%
119Howard
46%
302Sammy
46%
411Trevor
46%
155Edwin
46%
184Maurice
45%
122Marvin
45%
138Norman
45%
281Adrian
45%
334Morris
45%
140Mitchell
45%
174Gordon
45%
374Drew
44%
368Earnest
44%
200Herbert
44%
125Ernest
44%
193Franklin
43%
179Daryl
43%
96Darrell
43%
162Wesley
43%
331Darrel
43%
44Craig
43%
294Frankie
43%
165Antonio
43%
228Donnie
43%
94Darryl
43%
121Kurt
42%
319Curt
42%
40Randy
42%
248Arnold
42%
192Shane
42%
304Edgar
41%
186Alvin
41%
242Ross
41%
324Dewayne
40%
126Dwayne
40%
172Chad
40%
267Bret
40%
133Duane
40%
92Willie
40%
280Harvey
40%
128Brett
40%
59Russell
39%
430Brendan
39%
168Bernard
39%
132Reginald
39%
423Archie
39%
105Ralph
39%
229Robin
39%
329Benny
38%
290Pedro
38%
477Wilson
38%
207Ricardo
38%
230Roberto
38%
463Miles
38%
366Bennie
38%
476Abel
37%
315Bart
37%
406Seth
37%
376Toby
37%
359Blake
37%
327Felix
37%
283Chuck
36%
342Mickey
36%
74Glenn
36%
48Rodney
36%
136Melvin
36%
150Glen
36%
412Marco
36%
362Noel
35%
450Ernie
34%
178Kerry
34%
243Miguel
34%
157Lance
34%
204Mario
34%
442Carey
34%
369Clint
34%
55Troy
34%
212Travis
34%
400Tod
34%
291Cary
34%
31Todd
34%
355Malcolm
33%
116Eugene
33%
451Dominick
33%
347Dominic
33%
209Dwight
33%
198Leslie
33%
314Clark
33%
344Trent
32%
124Brent
32%
67Dale
32%
199Gene
32%
474Pablo
32%
268Randal
31%
187Gilbert
31%
211Marty
31%
65Randall
31%
379Edmund
31%
495Kurtis
31%
79Curtis
31%
171Manuel
30%
371Spencer
30%
391Julius
30%
398Julio
30%
210Wade
30%
296Sidney
29%
286Angel
29%
352Eduardo
29%
251Gerard
29%
300Chester
29%
279Marshall
29%
289Jorge
29%
429Lionel
28%
321Wallace
28%
241Jackie
28%
159Clifford
28%
265Nelson
28%
485Ellis
28%
332Alberto
28%
167Clarence
28%
264Francisco
27%
274Damon
27%
358Preston
27%
245Roland
27%
182Perry
27%
232Clinton
27%
244Lester
27%
328Clay
27%
422Stevie
26%
402Van
26%
449Horace
26%
454Garrett
26%
453Alejandro
25%
123Kelly
25%
354Dexter
25%
284Cecil
24%
455Hubert
24%
303Angelo
24%
170Tyrone
24%
205Lloyd
24%
360Casey
24%
188Vernon
24%
464Marlon
24%
252Clayton
23%
156Earl
23%
258Milton
23%
410Rory
23%
146Kirk
23%
247Hector
23%
213Ruben
23%
293Carlton
23%
350Alfredo
23%
266Raul
22%
306Javier
22%
277Ramon
22%
475Israel
21%
217Byron
21%
177Guy
21%
255Clyde
21%
145Jerome
21%
295Cedric
21%
387Enrique
20%
310Rudy
20%
261Rex
20%
288Kim
20%
471Devin
19%
339Lyle
19%
180Leroy
19%
312Rafael
19%
270Herman
19%
396Vance
19%
316Fernando
19%
404Sylvester
19%
160Kent
19%
317Everett
18%
499Homer
18%
489Wilbur
18%
308Loren
18%
399Sheldon
17%
246Roderick
17%
425Rudolph
17%
496Conrad
17%
305Claude
17%
118Tracy
16%
394Luther
16%
444Dallas
16%
418Tracey
16%
225Floyd
15%
480Dane
15%
240Shannon
14%
435Sergio
14%
472Mack
14%
181Lonnie
14%
320Orlando
14%
273Randolph
14%
420Ernesto
14%
500Alphonso
13%
367Rocky
13%
272Stacy
13%
361Arturo
13%
439Dirk
13%
322Lorenzo
13%
385Rusty
13%
483Rufus
13%
456Willis
13%
326Stacey
13%
408Alfonso
13%
470Buddy
12%
378Marion
12%
405Elmer
12%
372Ira
11%
388Monty
11%
353Monte
11%
206Dana
11%
445Salvador
11%
333Salvatore
11%
335Bryant
11%
481Scottie
10%
253Jody
10%
311Armando
10%
458Grady
10%
351Otis
10%
370Scotty
10%
421Forrest
9%
325Bradford
9%
287Rene
9%
377Kendall
9%
381Sherman
9%
492Vaughn
9%
307Lynn
9%
431Darwin
8%
497Sterling
8%
443Dion
8%
419Blaine
8%
259Wendell
8%
382Willard
8%
375Alton
8%
413Darnell
7%
460Gerardo
7%
484Lamar
6%
482Dewey
6%
447Wilbert
6%
467Cornelius
6%
468Ervin
6%
341Virgil
6%
373Alonzo
6%
337Myron
6%
448Boyd
5%
433Lowell
5%
426Leland
5%
465Dino
5%
479Kip
5%
282Clifton
5%
462Gilberto
5%
490Terrell
4%
403Delbert
4%
478Rolando
4%
427Doyle
3%
452Rodolfo
3%
437Lamont
3%
488Reynaldo
2%
491Demetrius
2%
416Roosevelt
2%

Score Distribution

Percentile by Number Answered

Percent of People with Each Score

Your Score History

You have not taken this quiz